| 000 | 00565nam a22001937a 4500 | ||
|---|---|---|---|
| 005 | 20260120153615.0 | ||
| 010 | _aENG-147574 | ||
| 020 |
_c500.00 _a9878187567936 |
||
| 035 | _aEN-131106 | ||
| 037 |
_bDBAD _aDPL |
||
| 082 |
_a560.4564095421 _21 |
||
| 100 |
_aDasgupta, Amal _986658 |
||
| 245 |
_aAn Introduction to Palaeontology/ _cAmal Dasgupta |
||
| 250 | _a1 | ||
| 260 |
_b The World Press Pvt Ltd, _aKolkata _c2016 |
||
| 270 |
_a37A College Street _bKolkata _e700073 |
||
| 300 |
_avpp. _c24cm(pb) |
||
| 942 |
_2ddc _cEN _h560.4564095421 _mDAS |
||
| 999 |
_c214329 _d214329 |
||